000 00513nam a2200193Ia 4500
003 OSt
005 20221007083120.0
006 a|||||r|||| 00| 0
007 ta
008 221006b |||||||| |||| 00| 0 eng d
024 _a22,670
037 _cDissertations
040 _aFLL
_cFLL
_beng
041 _2eng
_aeng
100 _aBhatia Smt. Raj Rani
_9700304
245 0 _aMaster plan as a legal concept a case study of Delhi.
942 _cDIS
_2CC
999 _c1168857
_d1168857